|
|
|
|
| LEADER |
00000nam0a2200000 4500 |
| 001 |
204444 |
| 005 |
20231101225221.0 |
| 010 |
|
|
|a 9785991201926
|
| 035 |
|
|
|a (RuTPU)RU\TPU\book\222850
|
| 090 |
|
|
|a 204444
|
| 100 |
|
|
|a 20111123d2012 km y0rusy50 ca
|
| 101 |
0 |
|
|a rus
|
| 102 |
|
|
|a RU
|
| 105 |
|
|
|a a g 001zy
|
| 200 |
1 |
|
|a Технические системы охранной и пожарной сигнализации
|f В. А. Ворона, В. А. Тихонов
|
| 210 |
|
|
|a Москва
|c Горячая линия-Телеком
|d 2012
|
| 215 |
|
|
|a 376 с.
|c ил.
|
| 225 |
1 |
|
|a Обеспечение безопасности объектов
|v Кн. 5
|
| 320 |
|
|
|a Библиогр.: с. 368-374.
|
| 330 |
|
|
|a В книге обобщен многолетний опыт работы специалистов в области технических систем охранной и пожарной сигнализации. Приведены систематизированные сведения, касающиеся классификации, требований и нормативной базы в области норм оснащения и особенностей оборудования объектов техническими средствами охранной и пожарной сигнализации. Рассмотрены принципы действия, условия и особенности применения и эксплуатации основных видов технических систем охраны, построенных с использованием различных физических принципов: оптоволоконные, виброчувствительные, сейсмические, магнитометрические, емкостные, обрывные, радиолучевые и их разновидности. Особое внимание уделено учету условий применения при выборе конкретных типов охранных и пожарных извещателей. Рассмотрены перспективные направления развития средств и систем охранной и пожарной сигнализации. Для специалистов в области создания и применения систем защиты объектов, руководителей и сотрудников служб безопасности, студентов учебных заведений и слушателей курсов повышения квалификации, а так же широкого круга читат лей, интересующихся вопросами применения систем охранной и пожарной сигнализации.
|
| 606 |
1 |
|
|a Охранные устройства
|2 stltpush
|3 (RuTPU)RU\TPU\subj\27842
|9 51531
|
| 606 |
1 |
|
|a Пожарная сигнализация электрическая
|2 stltpush
|3 (RuTPU)RU\TPU\subj\49935
|9 68695
|
| 610 |
1 |
|
|a охранная сигнализация
|
| 610 |
1 |
|
|a технические средства
|
| 610 |
1 |
|
|a классификация
|
| 610 |
1 |
|
|a помещения
|
| 610 |
1 |
|
|a охрана
|
| 610 |
1 |
|
|a пожарные извещатели
|
| 675 |
|
|
|a 654.9
|v 3
|
| 675 |
|
|
|a 614.842.4
|v 3
|
| 700 |
|
1 |
|a Ворона
|b В. А.
|g Владимир Андреевич
|
| 701 |
|
1 |
|a Тихонов
|b В. А.
|g Виктор Алексеевич
|
| 801 |
|
1 |
|a RU
|b 63413507
|c 20111123
|
| 801 |
|
2 |
|a RU
|b 63413507
|c 20150618
|g RCR
|
| 900 |
|
|
|a Технические средства охраны
|
| 942 |
|
|
|c BK
|
| 959 |
|
|
|a 96/20111123
|d 2
|e 451,00
|f ЧЗТЛ:1
|f АНЛ:1
|